Memento : abordando la interdisciplinariedad. "Estudios actuales en filosofía, derecho, pedagogía, política y sociedad" /
Saved in:
| Andre forfattere: | , , , , |
|---|---|
| Format: | eBog |
| Sprog: | spansk |
| Udgivet: |
Bogotá :
Sello Editorial UNAD,
2024.
|
| Serier: | Escuela de Ciencias de la Educación-ECEDU.
|
| Fag: | |
| Online adgang: | https://elibro.unach.elogim.com/es/lc/unach/titulos/288193 |
| Tags: |
Tilføj Tag
Ingen Tags, Vær først til at tagge denne postø!
|
MARC
| LEADER | 00000nam a2200000 i 4500 | ||
|---|---|---|---|
| 001 | ELB288193 | ||
| 003 | FINmELB | ||
| 005 | 20251205221000.0 | ||
| 006 | m o d | | ||
| 007 | cr cnu|||||||| | ||
| 008 | 251125s2024 ck o 001 0 spa d | ||
| 020 | |a 9789586519816 |q (e-book) | ||
| 020 | |a 9789586519809 |q (print) | ||
| 035 | |a (OCoLC)1564683935 | ||
| 040 | |a FINmELB |b spa |e rda |c FINmELB | ||
| 050 | 4 | |a LB1028.38 |b M533 2024 | |
| 080 | |a 37.013.75 | ||
| 082 | 0 | 4 | |a 371.3 |2 23 |
| 245 | 0 | 0 | |a Memento : |b abordando la interdisciplinariedad. "Estudios actuales en filosofía, derecho, pedagogía, política y sociedad" / |c Santiago Patarroyo-Rengifo (compilador) ; Sonia Dayan-Herzbrun, Dmitri Prieto Samsonov, Karen Alejandra Parra González, Luisa Fernanda Rubiano Guachetá, Laura Natalia Torres Acosta, Diana Carrillo González, César Sánchez Avella, Jaime Elías Torres Buelvas, Hernando Arturo Esteves, Julieth Jesenia Jiménez Navarro, María Teresa Santos Torres, Carlos Fernando Tobar Torres, Eyder Orlan- do Martínez Zuleta, Mariaangel Liñán, Diana Patricia Peña Castro, Diego Andrés González Cardona, Mónica Olmedo Muñoz, Jesús María Pineda-Patrón, José Alexander Monroy-Cár- denas, Nancy Andrea Páez Márquez. |
| 264 | 1 | |a Bogotá : |b Sello Editorial UNAD, |c 2024. | |
| 300 | |a 1 recurso en línea (392 páginas) | ||
| 336 | |a texto |b txt |2 rdacontent/spa | ||
| 337 | |a computadora |b c |2 rdamedia/spa | ||
| 338 | |a recurso en línea |b cr |2 rdacarrier/spa | ||
| 490 | 1 | |a Escuela de Ciencias de la Educación-ECEDU | |
| 500 | |a Incluye índice. | ||
| 588 | |a Descripción basada en metadatos suministrados por el editor y otras fuentes. | ||
| 590 | |a Recurso electrónico. Santa Fe, Arg.: elibro, 2025. Disponible vía World Wide Web. El acceso puede estar limitado para las bibliotecas afiliadas a elibro. | ||
| 650 | 4 | |a Pedagogía |x Metodología. | |
| 650 | 4 | |a Educación |x Innovación. | |
| 650 | 4 | |a Pedagogía y antropología. | |
| 650 | 4 | |a Liderazgo social. | |
| 650 | 4 | |a Epistemología del discurso crítico. | |
| 650 | 4 | |a Interdisciplinariedad |x Estudios |z Colombia |y Siglo XXI. | |
| 655 | 4 | |a Libros electrónicos. | |
| 700 | 1 | |a Patarroyo-Rengifo, Santiago, |e compilador. | |
| 700 | 1 | |a Dayan-Herzbrun, Sonia, |e autora. | |
| 700 | 1 | |a Prieto Samsonov, Dmitri, |e autor. | |
| 700 | 1 | |a Parra González, Karen Alejandra, |e autora. | |
| 700 | 1 | |a Rubiano Guachetá, Luisa Fernanda, |e autora. | |
| 797 | 2 | |a elibro, Corp. | |
| 830 | 0 | |a Escuela de Ciencias de la Educación-ECEDU. | |
| 856 | 4 | 0 | |u https://elibro.unach.elogim.com/es/lc/unach/titulos/288193 |